| 000 | 01837cam a22004097i 4500 | ||
|---|---|---|---|
| 999 |
_c129611 _d129611 |
||
| 001 | 18626945 | ||
| 003 | ARRUPE | ||
| 005 | 20190521112522.0 | ||
| 008 | 150521s2015 orua b 000 0 eng d | ||
| 010 | _a 2015304509 | ||
| 020 | _a1620327236 (paperback) | ||
| 020 | _a9781620327234 (paperback) | ||
| 035 | _a(OCoLC)ocn905379505 | ||
| 040 |
_aYDXCP _beng _cYDXCP _erda _dMNF _dBTCTA _dDLC |
||
| 042 | _alccopycat | ||
| 043 | _af-rh--- | ||
| 050 | 0 | 0 |
_aBR1447 _b.M69 2015 |
| 082 | 0 | 0 |
_a322/.1096891 _223 |
| 100 | 1 |
_aMoyo, Fabulous. _946420 |
|
| 245 | 1 | 4 |
_aThe Bible, the bullet, and the ballot : _bZimbabwe : the impact of Christian protest in sociopolitical transformation, ca. 1900-ca. 2000 / _cFabulous Moyo. |
| 260 |
_aOregon _bPickwick Publications _c2015 |
||
| 300 |
_ax, 212 p. : _billustrations ; _c23 cm. |
||
| 490 | 0 | _aAfrican Christian Studies Series (africs) | |
| 490 | 1 |
_aAfrican Christian Studies Series ; _v8. |
|
| 504 | _aIncludes bibliographical references (pages 201-212). | ||
| 520 | _aThis book provides a balanced account of the role of Christians, Christian organizations, and churches in sociopolitical transformation over the bedrock of colonial and nationalist politics in the past century in Zimbabwe. | ||
| 630 | 0 | 0 |
_aBible _xStudy and teaching _zZimbabwe. _946421 |
| 650 | 0 |
_aChurch and state _zZimbabwe _xHistory. _946422 |
|
| 650 | 0 |
_aChristianity and politics. _946423 |
|
| 651 | 0 |
_aZimbabwe _xSocial conditions _y20th century. _940845 |
|
| 651 | 0 |
_aZimbabwe _xPolitics and government _y20th century. _931946 |
|
| 830 | 0 |
_aAfrican Christian studies series ; _v8. _946424 |
|
| 906 |
_a7 _bcbc _ccopycat _d2 _encip _f20 _gy-gencatlg |
||
| 942 |
_2lcc _cMONOGRAPH |
||